| 000 | 00491nam a2200181 a 4500 | ||
|---|---|---|---|
| 005 | 20250411063846.0 | ||
| 008 | 991125s1975 mx 000 0 spa u | ||
| 035 | _aUPN01000050634 | ||
| 049 | _aCG | ||
| 050 | 4 |
_aPQ7083 _bP5.7 |
|
| 100 | 1 | _aPitty, D. L. | |
| 245 | 1 | 0 |
_aRealidades y fantasmas en América Latina / _cD. L. Pitty. |
| 260 |
_aMéxico : _bINBA, _c1975. |
||
| 300 | _a171 p. | ||
| 440 | 0 |
_aLiteratura joven ; _v4 |
|
| 650 | 2 |
_aLiteratura latinoamericana _91090 |
|
| 905 | _aLibro | ||
| 999 |
_c50634 _d50634 |
||